| 000 | 00992nam a2200289 i 4500 | ||
|---|---|---|---|
| 001 | 147459 | ||
| 003 | ES-MaACL | ||
| 005 | 20251001175247.0 | ||
| 007 | t| | ||
| 008 | 071001s1980 sp ||||1| spa d | ||
| 080 | _a7.033.4(450.55) | ||
| 245 | 0 | 0 |
_aUmbria / _c[texto de Adriano Prandi, Sandro Chierici, Giulia Tamanti ; fotografía de Zodiaque ; traducción Armanda Rodríguez Fierro, Pedro Gómez-Cantolla. |
| 250 | _a[1ª ed.]. | ||
| 260 |
_a[Madrid : _bEncuentro, _c1980] |
||
| 300 |
_a391 p. con 67 lám. neg. y col. : _bil. ; _c23 cm. |
||
| 490 | 1 | _aEuropa Románica | |
| 650 | 1 | 4 |
_aArte romático- _zUmbria. _910319 |
| 700 | 1 |
_aPrandi, Adriano. _993652 |
|
| 700 | 1 |
_aChierici, Sandro. _938505 |
|
| 700 | 1 |
_aTamanti, Giulia. _9109141 |
|
| 700 | 0 |
_aZodiaque _9118322 |
|
| 700 | 1 |
_aRodríguez Fierro, Armanda. _998522 |
|
| 700 | 1 |
_aGómez-Cantolla, Pedro. _957857 |
|
| 830 | 0 |
_aEuropa Románica _9178589 |
|
| 852 |
_aES-MaACL _jG-4330 _bR.100334 |
||
| 999 |
_c147459 _d147459 |
||